000 00659nam a2200193Ia 4500
003 GCL
005 20240530102636.0
008 140319s9999 xx 000 0 ara d
040 _aGCL /
_cGCL
082 0 4 _a372.7
_bخ ت
100 1 _aخليفة عبدالسميع خليفة
245 1 0 _aتدريس الرياضيات فى المدرسة الثانوية /
_cخليفة عبدالسميع خليفة
260 _a[S.N] :
_bمكتبة النهضة المصرية ،
_c1987
300 _a170 ص
650 0 4 _aالرياضيات
650 0 4 _aالتعليم الثانوى
650 0 4 _aالرياضيات - تعليم وتدريس
942 _2ddc
_cBK
999 _c33675
_d33675